000 00426nam a2200169Ia 4500
008 230524s9999 xx 000 0 und d
020 _a9788126518500
082 _a512.5
_bALK
100 _aKendall E.Atkinson
245 3 _aAn Introduction to Numerical Analysis
250 _a2ND
260 _aNEW DELHI
_bJohn Wiley
_c2010
300 _aXVI;693
500 _aQuantity Number: 20
650 _aMathematics
942 _cBK
999 _c49123
_d49123